| 000 | 00622cab a2200229 4500 | ||
|---|---|---|---|
| 001 | ABS47891 | ||
| 008 | 090401t1992 xxu||||| |||| 00| 0 eng d | ||
| 035 | _a(Sirsi) u63918 | ||
| 041 | _aeng | ||
| 245 | _aGermany: costs | ||
| 260 | _c1992 | ||
| 350 | _a0 | ||
| 490 |
_aKonstrukt Germany _v1(6) November/December 1992, 22 (1) |
||
| 520 | _aDetailed building costs for middle standard hotels in Germany. | ||
| 650 | _aBUILT ENVIRONMENT-BUILDING COSTS | ||
| 650 | _aGERMANY | ||
| 650 | _aHOTELS | ||
| 690 | _aBUILT ENVIRONMENT-BUILDING COSTS | ||
| 690 | _aOVERSEAS-EUROPE | ||
| 942 | _n0 | ||
| 948 | _c04/03/1997 | ||
| 999 |
_c39772 _d39772 |
||